[Event "3rd Sharjah Masters 2019"]
[Site "Sharjah"]
[Date "2019.03.22"]
[Round "1.19"]
[White "Nihal Sarin"]
[Black "Ammar, Sedrani"]
[Result "1-0"]
[WhiteElo "2578"]
[BlackElo "2137"]
[Annotator "TA"]
[PlyCount "53"]
[EventDate "2019.03.22"]
[EventType "swiss"]
[EventCountry "UAE"]
[SourceTitle "playchess.com"]
[Source "ChessBase"]
[SourceQuality "1"]

{[%evp 9,53,55,70,7,8,1,12,5,19,-4,-4,0,48,56,36,43,255,245,257,246,250,256,247,250,225,228,244,260,280,105,104,111,108,98,125,121,130,126,127,112,149,137,241,236,202,173]} 1. Nf3 d5 2. e3 Bf5 (2... Nf6 3. c4 e6 4. Nc3 Be7 5. b3 O-O 6. Bb2 dxc4 7. Bxc4 c5 8. h4 a6 9. Qb1 b5 10. Be2 Bb7 11. Ng5 Nbd7 12. Bf3 Bxf3 13. Nxf3 Rc8 14. Ne2 {0-1 (59) Nepomniachtchi,I (2763)-Yu,Y (2764) St Petersburg 2018}) 3. c4 e6 4. Qb3 Nc6 5. cxd5 exd5 6. Nc3 $146 {A06: Réti Opening:1 Nf3 d5} ({Better is} 6. Qxb7 $14 Bd7 7. a3) ({Predecessor:} 6. Qxb7 Nb4 7. Bb5+ Ke7 8. Nd4 Rb8 9. Qxa7 Rxb5 10. Nxb5 {1-0 (31) Zaitseva,L (2334)-Stjazhkina,O (2340) Moscow 1999}) 6... a6 $1 $11 7. Nxd5 Be6 $1 {[%cal Re6d5]} 8. e4 {The position is equal.} Nb4 $1 9. Nd4 Bxd5 10. exd5 Qh4 11. Nf5 $36 {[%mdl 2048] White has some pressure.} Qe4+ {[%mdl 64] [#] Double Attack} 12. Ne3 Bc5 $2 (12... O-O-O $1 $14) 13. d3 $18 (13. a3 Bxe3 14. Qa4+ c6 $11) 13... Qe5 14. Bd2 {Hoping for Bc3.} Bxe3 15. fxe3 Nxd5 16. Qxb7 Rd8 17. Qc6+ (17. Qxa6 Nxe3 18. Bc3 Qd5 $16) 17... Rd7 18. d4 (18. Qxa6 Nxe3 19. Bc3 Qg5 $16) 18... Qe7 19. O-O-O $2 (19. Qxa6 $18 {Strongly threatening Bb5.} Kf8 20. Bb5) 19... Ngf6 $16 20. Bd3 {Black must now prevent Bf5.} O-O 21. Rhe1 ({Weaker is} 21. Bxa6 Rd6 $17) 21... Rb8 22. e4 ({Wrong is} 22. Bxa6 $2 Rd6 $19) 22... Nb4 23. Bxb4 ({Don't take} 23. Qc4 Nxd3+ 24. Qxd3 Qd6 $14) 23... Qxb4 {[%csl Gb8][%cal Rb4b2][%mdl 64] [#] Double Attack} 24. Qc3 Qa4 25. Bc4 {White is clearly better.} Qb4 (25... c6 $16 26. Rd2 a5) 26. Qxb4 $18 Rxb4 27. b3 {Accuracy: White = 70%, Black = 60%.} 1-0

[Event "3rd Sharjah Masters 2019"]
[Site "Sharjah"]
[Date "2019.03.22"]
[Round "1.20"]
[White "Sultan, Ibrahim"]
[Black "Yakubboev, Nodirbek"]
[Result "0-1"]
[WhiteElo "2121"]
[BlackElo "2569"]
[Annotator "TA"]
[PlyCount "54"]
[EventDate "2019.03.22"]
[EventType "swiss"]
[EventCountry "UAE"]
[SourceTitle "playchess.com"]
[Source "ChessBase"]
[SourceQuality "1"]

{[%evp 13,54,25,29,3,7,-6,-6,-2,5,6,14,-11,10,-21,-20,-26,-31,-32,-24,-56,-58,-47,-58,-56,-49,-76,-62,-70,-58,-128,-116,-111,-113,-222,-221,-287,-274,-393,-392,-385,-366,-414,-413]} 1. d4 d6 2. Nf3 g6 3. e4 Bg7 4. Bd3 Nc6 5. c3 e5 6. dxe5 dxe5 7. O-O Nf6 8. Bg5 {B06: Modern Defence} (8. Qc2 O-O 9. Re1 Qe7 10. Nbd2 Rd8 11. Bf1 Nh5 12. g3 Bg4 13. Bg2 Be6 14. b4 h6 15. a4 Qd7 {½-½ (65) Alekseev,E (2616)-Aronian,L (2805) Riadh 2017}) 8... h6 9. Bxf6 (9. Be3 {looks sharper.} O-O 10. Qc2 Nh5 11. Re1 Qf6 12. Nbd2) 9... Qxf6 10. Nbd2 {The position is equal.} O-O 11. Nc4 $146 ({Predecessor:} 11. Qc2 Qe7 12. Nc4 Nd8 13. Na3 c6 14. b4 Ne6 15. Rfd1 Nf4 {0-1 (29) Consalvo,G (2004)-Altini,D (2256) Bisaccia 2011}) 11... h5 12. Be2 Qe7 13. Qb3 Nd8 {[%cal Bc6d8,Bd8e6,Be6c5,Bc5a4][%mdl 32]} 14. Rad1 Ne6 15. g3 Nc5 {[%mdl 64] [#] Double Attack} 16. Qc2 a5 17. b3 b5 $36 {[%mdl 2048] Black has some pressure.} 18. Ne3 c6 $1 19. b4 Na4 20. a3 Be6 21. c4 (21. Rc1 $15) 21... axb4 $17 22. axb4 Qxb4 23. Rb1 (23. Ng5 $17) 23... Qc5 $19 24. Ra1 {[#]} Bh6 $1 25. Kg2 (25. Nd1 $142) 25... Bxe3 {Black is winning.} 26. fxe3 Nb6 27. Qb2 Bxc4 {Accuracy: White = 25%, Black = 88%.} 0-1

[Event "3rd Sharjah Masters 2019"]
[Site "Sharjah"]
[Date "2019.03.22"]
[Round "1.21"]
[White "Abdusattorov, Nodirbek"]
[Black "Thrish Karthik"]
[Result "1/2-1/2"]
[WhiteElo "2560"]
[BlackElo "2096"]
[Annotator "TA"]
[PlyCount "70"]
[EventDate "2019.03.22"]
[EventType "swiss"]
[EventCountry "UAE"]
[SourceTitle "playchess.com"]
[Source "ChessBase"]
[SourceQuality "1"]

{[%evp 12,70,53,50,34,26,18,20,25,15,20,22,26,27,12,0,0,-37,0,0,0,-12,0,-14,0,-75,-63,-70,-39,-36,-36,-33,-37,-41,32,31,29,28,119,116,116,122,102,0,0,0,0,0,0,0,0,0,0,0,0,0,0,0,0,0,0]} 1. e4 e5 2. Nf3 d6 3. d4 exd4 4. Nxd4 Nf6 5. Nc3 Be7 6. g3 d5 7. e5 Ng4 {C41: Philidor Defence} 8. e6 Nf6 $1 9. exf7+ Kxf7 10. Bg2 c6 11. O-O Re8 12. Re1 Bg4 13. Qd3 $146 ({Predecessor:} 13. f3 Bd7 14. Bf4 Na6 15. g4 {½-½ (32) Kurnosov,I (2657)-Khairullin,I (2658) Khanty-Mansiysk 2013}) 13... Nbd7 {[%cal Bb8d7,Bd7e5,Be5f3][%mdl 32]} 14. Qf1 Bc5 {White must now prevent ...Rxe1.} 15. Rxe8 Qxe8 16. Be3 Qe5 17. Qd3 Qh5 18. Qd2 (18. Na4 $11 {keeps the balance.}) 18... Ne5 19. Na4 (19. Nxc6 $2 Nc4 $19) 19... Bxd4 20. Bxd4 Nf3+ 21. Bxf3 $1 Bxf3 22. Qf4 Re8 ({Better is} 22... Qg4 $15) 23. Nc5 $14 Re7 24. Nd3 {aiming for Ne5+.} Re4 (24... Be2 $11 {remains equal.}) 25. Qc7+ $16 {[%mdl 64] Double Attack} Kg8 26. Bxf6 $1 gxf6 27. Qb8+ (27. Qxb7 {gets mated.} Qh3 28. Qc8+ Qxc8 29. Nf4 Rxf4 $1 {[%mdl 512]} 30. Re1 Qh3 $1 {[%mdl 512]} 31. Re8+ Kf7 32. Re7+ Kxe7 33. gxf4 Qg2#) (27. Qc8+ $1 $16 Qe8 28. Qxb7 (28. Qf5 Be2 $16)) 27... Qe8 $1 $11 {[%cal Re8b8] The position is equal.} 28. Qxb7 Qe6 $1 {[%cal Re6h3]} 29. Qb8+ (29. Qxa7 {is a self mate.} Qh3 30. Nf4 {[#]} Rxf4 $1 {[%mdl 512]} 31. Qa8+ Kg7 32. Qa7+ Kh6 33. Qg7+ Kxg7 34. gxf4 Qg2#) 29... Kg7 30. Qxa7+ Kg8 31. Qb8+ Kg7 32. Qc7+ Kg8 33. Qb8+ Kg7 34. Qa7+ Kg8 {( -> ...Qh3)} 35. Qa8+ Kg7 $1 {Accuracy: White = 67%, Black = 64%.} 1/2-1/2

[Event "3rd Sharjah Masters 2019"]
[Site "Sharjah"]
[Date "2019.03.22"]
[Round "1.22"]
[White "Shiva Pavan Teja Sharma U"]
[Black "Fier, Alexandr"]
[Result "0-1"]
[WhiteElo "2093"]
[BlackElo "2551"]
[Annotator "TA"]
[PlyCount "74"]
[EventDate "2019.03.22"]
[EventType "swiss"]
[EventCountry "UAE"]
[SourceTitle "playchess.com"]
[Source "ChessBase"]
[SourceQuality "1"]

{[%evp 19,74,0,0,7,41,37,39,9,28,22,25,0,0,-7,29,0,0,-43,-44,-51,-43,-44,-43,-155,-8,-18,-18,-18,-18,-18,-13,-16,-18,-12,-15,-15,-15,-14,-20,-14,-14,-70,-69,-70,-43,-85,-80,-83,-80,-72,-77,-357,-348,-705,-704,-690,-682]} 1. e4 c5 2. Nf3 e6 3. d3 Nc6 4. g3 g6 5. Bg2 Bg7 6. O-O Nge7 7. c3 O-O 8. Na3 d5 9. Qe2 b6 10. e5 Ba6 {LiveBook: 4 Games. A08: King's Indian Attack} 11. Bf4 (11. Nc2 b5 12. d4 Qb6 13. b4 cxd4 14. cxd4 Bb7 15. Bf4 a5 16. a3 axb4 17. axb4 Ra4 18. Qd2 {0-1 (52) Bologan,V (2640)-Vitiugov,N (2726) Doha 2016}) 11... b5 $146 ({Predecessor:} 11... h6 12. h4 Qc7 13. Rae1 b5 14. Qd2 b4 15. Nc2 bxc3 16. bxc3 Kh7 17. Ne3 Qa5 18. Ng4 {0-1 (46) Kukacka,M (2060)-Sykora,R (2125) Czechia 1997}) 12. Nc2 $1 Rc8 {White is slightly better.} 13. Rfd1 d4 14. cxd4 cxd4 15. Bg5 Re8 16. Rac1 Qb6 17. Qe4 {[%cal Rc2d4]} Bb7 {Threatening ...Nxe5.} 18. Qe2 Nd5 19. h4 h6 20. Bd2 b4 21. Qe4 {[#]} (21. Bf4 $15) 21... Nde7 (21... Ne3 $1 $17 {[%mdl 512]} 22. fxe3 (22. Nxe3 Nxe5) 22... Nxe5 {[%mdl 64] Pin, Discovered Attack} 23. Qxb7 Qxb7 24. Nxe5 Qb8) 22. Nfxd4 Nxd4 23. Qxd4 Qxd4 24. Nxd4 Bxg2 25. Kxg2 Bxe5 26. Nf3 Bxb2 27. Rxc8 $1 Rxc8 28. Bxb4 Nd5 29. Bd2 Kg7 30. Be3 (30. Re1 $11) 30... a5 $15 {[%cal Ba7a5,Ba5a4,Ba4a3][%mdl 32]} 31. Kf1 a4 32. Bd2 a3 33. d4 Rc2 34. Ne1 Rc4 35. Be3 $2 {[%mdl 8192]} (35. Nf3 $17) 35... Nc3 $19 {[%mdl 64] Double Attack} 36. Rd3 $2 (36. Rd2 Nxa2 37. Nd3) 36... Nxa2 37. d5 Nb4 {Accuracy: White = 35%, Black = 57%.} 0-1

[Event "3rd Sharjah Masters 2019"]
[Site "Sharjah"]
[Date "2019.03.22"]
[Round "1.23"]
[White "Chanda, Sandipan"]
[Black "Mihoubi, Saad"]
[Result "1-0"]
[WhiteElo "2534"]
[BlackElo "2088"]
[Annotator "TA"]
[PlyCount "71"]
[EventDate "2019.03.22"]
[EventType "swiss"]
[EventCountry "UAE"]
[SourceTitle "playchess.com"]
[Source "ChessBase"]
[SourceQuality "1"]

{[%evp 9,71,0,25,26,4,-4,8,5,10,4,2,7,0,-22,-15,-15,-6,-13,10,0,9,-4,21,22,54,58,55,42,41,41,40,37,54,46,38,41,125,128,128,136,125,114,120,115,131,129,131,121,121,102,144,118,132,137,146,141,131,123,201,182,351,337,448,435]} 1. d4 d5 2. Nf3 Nf6 3. Bf4 e6 4. e3 Bd6 5. Bg3 c5 6. Bb5+ {D02: 1 d4 d5 2 Nf3 sidelines, including 2...Nf6 3 g3 and 2...Nf6 3 Bf4} (6. c3 Nc6 7. Nbd2 O-O 8. Bb5 cxd4 9. exd4 Ne7 10. Bd3 Ng6 11. O-O Bxg3 12. fxg3 b5 13. Qe2 Qb6 14. Ng5 b4 15. Ndf3 h6 {½-½ (34) Naroditsky,D (2616)-Mamedyarov,S (2817) chess.com INT 2019}) 6... Nc6 7. Nbd2 a6 8. Bxc6+ {The position is equal.} bxc6 9. Bxd6 Qxd6 10. dxc5 $146 ({Predecessor:} 10. Nb3 cxd4 11. exd4 O-O 12. O-O Nd7 {0-1 (45) Ben Youssef,C (1503)-Ben Rjeb,O Hammamet 2015}) 10... Qxc5 11. Nb3 Qd6 12. Qd4 O-O 13. O-O Ne4 14. Rfd1 Rd8 15. c4 c5 16. Qe5 Bb7 17. Qxd6 Rxd6 18. Nfd2 Nxd2 19. Rxd2 Rc8 20. Rc1 Rb6 21. cxd5 Bxd5 22. Rxc5 {[%cal Rc5c8]} Rcb8 {[#]} ({Black should play} 22... Rbb8 $1 $14 23. f4 Bxb3 24. Rxc8+ Rxc8 25. axb3 Rb8) 23. Nc1 $1 $16 Kf8 24. b3 Rb5 25. Rxb5 axb5 {[%mdl 4096] Endgame KRB-KRN} 26. f3 Rc8 27. Nd3 Ke7 28. Nb4 Bb7 29. Kf2 Rc1 30. Rc2 Rxc2+ 31. Nxc2 {KB-KN} Kd6 32. e4 Kc5 33. Ke3 b4 (33... Bc8 $16 34. f4 f6) 34. Ne1 Kb5 $2 {[#]} (34... Ba6 {is a better defense.} 35. h4 e5) 35. Nd3 $18 f6 36. Nf4 {Accuracy: White = 66%, Black = 26%.} 1-0

[Event "3rd Sharjah Masters 2019"]
[Site "Sharjah"]
[Date "2019.03.22"]
[Round "1.24"]
[White "Murtaza Ali"]
[Black "Deepan Chakkravarthy J."]
[Result "0-1"]
[WhiteElo "2084"]
[BlackElo "2534"]
[Annotator "TA"]
[PlyCount "80"]
[EventDate "2019.03.22"]
[EventType "swiss"]
[EventCountry "UAE"]
[SourceTitle "playchess.com"]
[Source "ChessBase"]
[SourceQuality "1"]

{[%evp 26,80,13,0,12,-34,0,0,0,0,0,0,0,-8,0,-6,-10,-14,-13,-68,-50,-77,-51,-111,-101,-116,-118,-113,-111,-100,-110,-121,-108,-142,-136,-153,-141,-222,-214,-296,-300,-546,-346,-325,-335,-541,-541,-541,-541,-541,-541,-548,-541,-541,-541,-935,-925]} 1. e4 e5 2. Nf3 Nc6 3. Bb5 {[%cal Bf1b5,Bb5a4,Ba4b3,Bb3a2][%mdl 32]} a6 4. Ba4 Nf6 5. O-O Be7 6. Re1 b5 7. Bb3 O-O 8. a4 Bb7 9. Nc3 Na5 10. Ba2 d6 11. d3 b4 12. Ne2 c5 13. Ng3 Bc8 14. Bg5 {LiveBook: 4 Games. C88: Closed Ruy Lopez: Anti-Marshall Systems} (14. c3 Rb8 15. d4 b3 16. Bb1 Qc7 17. Bd3 exd4 18. cxd4 c4 19. Bf1 c3 20. Re3 cxb2 21. Bxb2 Qc2 {1-0 (53) Duda,J (2710)-Najer,E (2693) Czech Republic 2017}) 14... Be6 {[#]} 15. Nh4 $146 ({Predecessor:} 15. Bxe6 fxe6 16. c3 Rb8 17. d4 bxc3 18. bxc3 exd4 19. cxd4 Nd7 20. Bxe7 Qxe7 21. d5 e5 {1-0 (32) Gdanski,J (2520)-Nurkiewicz,M (2363) Lubniewice 2003}) 15... g6 16. Bh6 {The position is equal.} Re8 {And now ...b3! would win.} 17. Bxe6 fxe6 18. h3 Bf8 19. Bg5 Bg7 20. Nf3 Qc7 21. Bxf6 Bxf6 22. b3 (22. Rb1 $11) 22... Bg7 23. Nd2 Rf8 24. Nc4 {[#]} ({Better is} 24. Qg4 $15) 24... Nc6 $1 $17 25. Re3 Nd4 26. Re1 Rad8 27. Ne2 Nc6 28. Ng3 h5 29. Ne3 Bh6 30. Rf1 Qe7 31. Qe1 (31. Ne2 $17 {was worth a try.}) 31... Nd4 $19 32. Ra2 Qh4 33. Ne2 $2 (33. Qd2) 33... Bxe3 34. fxe3 {[#]} Rxf1+ $1 35. Qxf1 $2 (35. Kxf1 Rf8+ 36. Nf4) 35... Rf8 {Black is clearly winning.} 36. exd4 {aiming for Qd1.} Rxf1+ 37. Kxf1 cxd4 38. Ra1 d5 39. exd5 exd5 40. Re1 e4 {Precision: White = 27%, Black = 71%.} 0-1

[Event "3rd Sharjah Masters 2019"]
[Site "Sharjah"]
[Date "2019.03.22"]
[Round "1.25"]
[White "Debashis, Das"]
[Black "Mrudul Dehankar"]
[Result "1-0"]
[WhiteElo "2532"]
[BlackElo "2078"]
[Annotator "TA"]
[PlyCount "113"]
[EventDate "2019.03.22"]
[EventType "swiss"]
[EventCountry "UAE"]
[SourceTitle "playchess.com"]
[Source "ChessBase"]
[SourceQuality "1"]

{[%evp 16,113,38,32,59,38,47,27,27,21,20,22,14,16,20,2,10,0,3,0,5,0,0,9,3,12,12,29,12,0,-5,-7,27,18,42,31,41,33,43,58,135,142,139,131,254,250,244,229,272,264,264,238,223,239,341,325,339,344,350,246,264,251,250,253,248,248,248,256,252,253,420,406,418,411,407,358,372,314,396,357,388,393,395,370,378,368,370,379,406,398,441,454,544,535,557,539,12794,12850,6119,6119]} 1. c4 b6 2. d4 Bb7 3. Nc3 Nf6 4. Nf3 e6 5. a3 Be7 6. Qc2 c5 7. e4 {E12: Queen's Indian: Unusual White 4th moves, 4 a3, 4 Nc3 Bb7 5 a3 and 4 Nc3 Bb7} cxd4 8. Nxd4 d6 9. Be2 {LiveBook: 3 Games. White is slightly better.} Nbd7 10. O-O O-O 11. Rd1 a6 12. Nf3 Qc7 13. Bf4 Rfd8 14. Rac1 Rac8 15. Qb1 Qb8 16. Re1 $146 ({Predecessor:} 16. b4 Ng4 17. Nd2 Nge5 18. Be3 Bf6 19. Qb3 Ng6 20. Na4 Ba8 21. Nc3 Bb7 22. Na4 Ba8 {½-½ (23) Turova,I (2428)-Peptan,C (2415) Bucharest 2011}) 16... Qa8 {[%cal Rf6e4]} 17. Bf1 Ng4 18. h3 Nge5 19. Nd2 Ng6 20. Be3 Bc6 21. b4 Bf6 22. g3 Qb8 23. Nb3 Rc7 24. Red1 Bxc3 25. Rxc3 Nf6 26. Bg2 Qb7 {[%cal Rc6e4]} 27. Nd2 d5 (27... b5 $14) 28. exd5 $16 exd5 29. b5 Bxb5 {[#]} (29... axb5 $16 30. cxb5 Bd7) 30. Rdc1 $1 $18 Rdc8 31. Bd4 Ba4 32. Bxf6 (32. Qxb6 Qxb6 33. Bxb6 Rd7 $16) (32. Bxb6 Re7 $16) 32... gxf6 33. Bxd5 Bc6 34. Ne4 Bxd5 (34... Kg7 $142 35. Nd6 Qb8) 35. Nxf6+ ({Less strong is} 35. cxd5 Rxc3 36. Rxc3 (36. Nxc3 Kg7 $11) 36... Rxc3 $14) 35... Kg7 36. Nxd5 Rc6 37. Qb2 f6 38. Rf3 {[%cal Rd5f6]} Qf7 39. Nxb6 Rb8 40. c5 Ne5 41. Re3 Qc7 {[%cal Rb8b6] [#] aiming for ...Rbxb6.} 42. Rec3 {[%cal Be3c3,Bc3c2,Bc2b2][%mdl 32]} Nd7 $2 (42... Qd7 {might work better.} 43. Nxd7 Rxb2) 43. Qc2 Ne5 44. Nd5 Qd7 45. Nf4 Rd8 46. Qe4 Qd2 47. R3c2 Qd4 48. Qxc6 Qd1+ 49. Rxd1 Rxd1+ 50. Kg2 {White threatens Nh5+ and mate.} Nxc6 {[%mdl 4096] Endgame KRN-KRN} 51. Rb2 Rc1 52. Rb6 Nd4 53. Rxa6 {White is clearly winning.} Kf7 54. Ra7+ Kg8 55. Nd5 Rxc5 56. Nxf6+ Kf8 57. Nd7+ {Precision: White = 77%, Black = 48%.} 1-0

[Event "3rd Sharjah Masters 2019"]
[Site "Sharjah"]
[Date "2019.03.22"]
[Round "1.26"]
[White "Bommini Mounika Akshaya"]
[Black "Gukesh D"]
[Result "1/2-1/2"]
[WhiteElo "2076"]
[BlackElo "2529"]
[Annotator "TA"]
[PlyCount "112"]
[EventDate "2019.03.22"]
[EventType "swiss"]
[EventCountry "UAE"]
[SourceTitle "playchess.com"]
[Source "ChessBase"]
[SourceQuality "1"]

{[%evp 25,112,-5,3,0,0,0,10,3,9,14,12,30,85,71,72,79,133,127,145,147,181,195,196,191,198,202,199,151,141,0,184,165,134,168,189,177,305,127,147,0,285,193,284,164,151,177,208,210,195,202,197,187,197,162,200,126,171,167,162,152,125,119,122,52,68,30,45,0,0,0,0,0,0,0,0,0,0,0,0,0,0,0,0,0,0,0,0,0,0]} 1. d4 Nf6 2. Bf4 d5 3. e3 c5 4. c3 e6 5. Nd2 Bd6 6. Bg3 O-O 7. Bd3 Nc6 8. Ngf3 b6 9. Qe2 {D02: 1 d4 d5 2 Nf3 sidelines, including 2...Nf6 3 g3 and 2...Nf6 3 Bf4} Bb7 10. Rd1 Re8 11. e4 Be7 12. e5 Nh5 13. a3 (13. h4 cxd4 14. Nxd4 Nxg3 15. fxg3 Bc5 16. N2f3 f5 {½-½ (45) Esipenko,A (2593)-Karjakin,S (2753) St Petersburg 2018}) 13... g6 {LiveBook: 14 Games} 14. h4 Nxg3 $146 ({Predecessor:} 14... f5 15. Qe3 Kg7 16. Rh3 h6 {1-0 (31) Dhulipalla,B (2335)-Doshi,M (2154) Barcelona 2017}) 15. fxg3 f5 16. Qe3 Rc8 17. Qf4 Rc7 18. g4 {[%cal Rg4f5]} Bc8 (18... cxd4 $11 {keeps the balance.} 19. cxd4 Bf8) 19. Nf1 cxd4 20. cxd4 b5 ({Better is} 20... Rf8) 21. Bxb5 $16 Bd7 22. Bd3 Na5 23. gxf5 exf5 24. Ne3 Be6 25. O-O Nb3 26. Bc2 Na5 27. Bd3 Nb3 $1 28. Ng5 Bxg5 29. hxg5 Qc8 30. Rf2 Qd7 {[#]} (30... Rf8 {was necessary.} 31. Bc2 Na5) 31. Bc2 (31. g4 $1 $18 {[%mdl 512] has better winning chances.}) 31... Na5 32. Bd3 (32. Rc1 $16) 32... Rec8 $2 {[%mdl 8192]} (32... Nb3 $11 {and Black is okay.}) 33. Kh2 Qa4 (33... Nc6 {was worth a try.} 34. g4 Ne7) 34. Be2 (34. g4 $142) 34... Rf7 35. Qf3 Nb3 36. Nxd5 Nxd4 37. Qf4 Bxd5 38. Rxd4 ({Resist} 38. Qxd4 $6 Qxd4 39. Rxd4 Be6 $16) 38... Qc6 39. Qd2 Bb3 40. Bf3 Qe6 41. Re2 Rc2 42. Qe3 {[#] aiming for Rxc2.} Rxe2 43. Bxe2 {Black must now prevent Rd6.} Re7 44. g3 (44. Rd8+ $16 Kf7 45. Ra8) 44... Kg7 45. Bf3 a5 46. Rd3 a4 {The position is equal.} 47. Bd1 Bxd1 48. Rxd1 Qxe5 49. Qxe5+ Rxe5 $11 {[%mdl 4096] Endgame KR-KR} 50. Rd7+ Kg8 51. Ra7 Re2+ 52. Kh3 Re4 53. Kg2 Re2+ 54. Kf3 Rxb2 55. Rxa4 Kf7 56. Ra7+ Ke6 {Precision: White = 66%, Black = 53%.} 1/2-1/2

[Event "3rd Sharjah Masters 2019"]
[Site "Sharjah"]
[Date "2019.03.22"]
[Round "1.27"]
[White "Megaranto, Susanto"]
[Black "Kumar, Gaurav"]
[Result "1-0"]
[WhiteElo "2526"]
[BlackElo "2074"]
[Annotator "TA"]
[PlyCount "97"]
[EventDate "2019.03.22"]
[EventType "swiss"]
[EventCountry "UAE"]
[SourceTitle "playchess.com"]
[Source "ChessBase"]
[SourceQuality "1"]

{[%evp 19,97,0,0,0,0,0,15,18,61,38,55,49,54,0,0,-30,0,-102,-70,-70,-62,-132,-114,-109,-99,-124,0,0,0,-37,141,32,40,45,41,69,89,59,134,137,129,69,124,145,137,131,178,186,187,143,176,98,199,205,208,210,256,259,244,244,326,282,381,287,370,355,606,585,662,599,741,739,720,625,29976,29977,29976,29977,29976,29976]} 1. d4 Nf6 2. Nf3 e6 3. Bg5 d5 4. e3 Be7 5. Bd3 c5 6. c3 Nbd7 7. Nbd2 b6 8. O-O Bb7 9. Bf4 {D03: 1 d4 d5 2 Nf3 Nf6 3 Bg5, including Torre Attack with early ...d5} (9. Qb1 O-O 10. a4 a5 11. Re1 g6 12. Bb5 Ba6 13. Qd3 Bxb5 14. Qxb5 Ne8 15. Bh6 Nd6 16. Qe2 Re8 17. e4 dxe4 18. Nxe4 Nxe4 19. Qxe4 cxd4 20. Nxd4 {1-0 (51) Artemiev,V (2691)-Naiditsch,A (2705) Riadh 2017}) 9... Ne4 10. h3 O-O {LiveBook: 14 Games} 11. a4 {The position is equal.} a6 12. Qe2 $146 ({Predecessor:} 12. Qc2 f5 13. Ne5 Ndf6 14. f3 Nd6 15. Bg5 {0-1 (34) Gurchumalidze,T (2058)-Gomes,M (2264) Batumi 2006}) 12... c4 13. Bc2 b5 14. Nxe4 dxe4 15. Nd2 $1 f5 16. f3 (16. b3 $14) 16... exf3 $11 17. gxf3 e5 18. Bh2 (18. dxe5 $11 {keeps the balance.} Qb6 19. axb5 axb5 20. Rxa8 Bxa8 21. Kh1) 18... Qe8 19. axb5 axb5 20. b3 (20. Rxa8 $15 Bxa8 21. b3) 20... exd4 21. exd4 Qg6+ 22. Kh1 Rae8 (22... Rxa1 $17 23. Rxa1 Bg5) 23. bxc4 Bg5 24. Qg2 {[#] Black must now prevent Ra7.} Re3 $2 (24... Bxd2 $1 $15 {stays ahead.} 25. Qxd2 bxc4) 25. Ra7 ({White should try} 25. cxb5 $16 {And now Ra7 would win.} Kh8 26. Ra7 Rxc3 27. Rxb7 (27. Nb1 Rxc2 28. Qxc2 Qb6 $18) 27... Rxc2 28. f4 (28. Rxd7 Rxd2 29. Rf2 Rd1+ 30. Bg1 Qe6 $11)) 25... Rxc3 $14 26. Nb1 $36 {[%mdl 2048] White has the initiative.} Rxc2 $1 27. Qxc2 Qb6 28. Ra3 bxc4 (28... b4 $14 29. Rb3 Qxd4) 29. Qxc4+ $16 Kh8 30. Qb3 ({White should play} 30. Rb3 $16 Qa6 31. Qxa6 Bxa6 32. Re1) 30... Qxb3 (30... Ba8 $1 $14) 31. Rxb3 Bd5 32. Ra3 h6 33. Nc3 Bc4 34. Re1 Rc8 35. Rea1 (35. Ra7 $18 Nf6 36. Be5) 35... Bf6 (35... Bg8 $16) 36. Ra8 $18 Rxa8 37. Rxa8+ Kh7 38. Ra7 Nf8 39. Be5 Kg6 40. Rc7 Be6 41. Ne2 Bxe5 42. dxe5 {[%mdl 4096] Endgame KRN-KBN} Nd7 $2 {[#]} (42... Bd7 43. Kg2 Kf7) 43. f4 Kf7 44. h4 g6 45. Kh2 Ke8 46. Nd4 Ke7 47. Nxe6 {White mates.} Kxe6 48. Rc6+ Ke7 49. Rxg6 {Precision: White = 53%, Black = 25%.} 1-0